[Event "ROM-ch U16 Girls"]
[Site "Eforie Nord"]
[Date "2022.04.11"]
[Round "1"]
[White "Moisi, Diana"]
[Black "Bira, Andrada Paraschiva"]
[Result "0-1"]
[WhiteElo "1464"]
[BlackElo "1795"]
[PlyCount "146"]
[EventDate "2022.04.11"]
[EventType "swiss"]
[EventRounds "9"]
[EventCountry "ROU"]
[SourceTitle "EXT 2023"]
[Source "ChessBase"]
[SourceDate "2022.10.05"]
[SourceVersion "1"]
[SourceVersionDate "2022.10.05"]
[SourceQuality "1"]

1. e4 c5 2. Nf3 d6 3. d4 cxd4 4. Nxd4 Nf6 5. Nc3 e6 6. Bd3 Be7 7. 0-0 a6 8. Kh1 Qc7 9. f4 Nbd7 10. Qe2 b5 11. a3 Bb7 12. Bd2 0-0 13. Rae1 Qc5 14. Nb3 Qc7 15. Rf3 e5 16. Rh3 exf4 17. Bxf4 Ne5 18. Bxe5 dxe5 19. g4 Qd7 20. Rg3 g6 21. Reg1 Rad8 22. Qe3 Kg7 23. Rh3 Ng8 24. Qg3 Qe6 25. Rf1 Bc8 26. Be2 Bg5 27. Nc5 Qe7 28. Nd3 f6 29. Nd5 Qd6 30. Bf3 Be6 31. Rd1 Rfe8 32. Nc3 Qc7 33. Qe1 Nh6 34. Rg3 Bh4 35. Qg1 Bxg3 36. Qxg3 Nf7 37. Rf1 Bc4 38. Be2 Rd4 39. Qf2 Qd8 40. b3 Bxd3 41. Bxd3 Ng5 42. Ne2 Rd6 43. h4 Ne6 44. b4 Rf8 45. Nc3 Nf4 46. Be2 Rd2 47. Rd1 Rxd1+ 48. Bxd1 Qc7 49. Qe3 Rd8 50. Kh2 Rd4 51. Kg3 Qc4 52. Kf2 Qc6 53. Bf3 Rc4 54. Nd5 Rxc2+ 55. Kg3 Nxd5 56. exd5 Qd6 57. Bg2 e4+ 58. Kh3 Qxd5 59. Bxe4 Qe5 60. Qa7+ Rc7 61. Qa8 Qc3+ 62. Bf3 Qxa3 63. Kg3 Qxb4 64. Qxa6 Qd4 65. Qa2 Qe5+ 66. Kg2 b4 67. Qb3 Qc3 68. Qd5 b3 69. Be4 b2 70. h5 Qe5 71. Qd3 Re7 72. Bf3 Qe3 73. Qb1 Qc1 0-1

[Event "ROM-ch U14 Girls"]
[Site "Calimanesti Caciulata"]
[Date "2019.04.22"]
[Round "9"]
[White "Pana, Alexandra Emilia"]
[Black "Moisi, Diana"]
[Result "0-1"]
[WhiteElo "1070"]
[BlackElo "1292"]
[PlyCount "98"]
[EventDate "2019.04.15"]
[EventType "swiss"]
[EventRounds "9"]
[EventCountry "ROU"]
[SourceTitle "CBM 190 Extra"]
[Source "ChessBase"]
[SourceDate "2019.07.15"]
[SourceVersion "1"]
[SourceVersionDate "2019.07.15"]
[SourceQuality "1"]

1. e4 e5 2. Nf3 Nc6 3. Bb5 a6 4. Bxc6 dxc6 5. d3 Bd6 6. b3 Qf6 7. Bb2 Ne7 8. 0-0 Bg4 9. d4 Ng6 10. h3 Bxf3 11. Qxf3 Qxf3 12. gxf3 0-0-0 13. dxe5 Bxe5 14. Bxe5 Nxe5 15. f4 Ng6 16. f5 Ne5 17. f4 Nd7 18. Nc3 g6 19. fxg6 hxg6 20. Kh2 Nf6 21. Kg3 Rh7 22. Rad1 Rdh8 23. Rh1 Rh4 24. e5 Ng4 25. Ne4 Ne3 26. Rd2 Nf5+ 27. Kg2 Rxf4 28. Ng5 Ne3+ 29. Kg3 Rf5 30. Ne4 Nf1+ 31. Rxf1 Rxf1 32. Rf2 Rxf2 33. Nxf2 Kd7 34. Kf4 Ke6 35. c4 Rh4+ 36. Kg3 Rd4 37. Ng4 Rd3+ 38. Kf4 g5+ 39. Kxg5 Rxh3 40. Kf4 Rh4 41. Kg3 Rxg4+ 42. Kxg4 Kxe5 43. Kf3 Kf5 44. Kf2 Kg4 45. a3 f5 46. b4 b6 47. c5 b5 48. Ke3 f4+ 49. Ke2 f3+ 0-1

[Event "ROM-ch U14 Girls"]
[Site "Calimanesti Caciulata"]
[Date "2019.04.17"]
[Round "3"]
[White "Moisi, Diana"]
[Black "Hoanca, Alexia Ioana"]
[Result "1/2-1/2"]
[WhiteElo "1292"]
[BlackElo "1144"]
[PlyCount "92"]
[EventDate "2019.04.15"]
[EventType "swiss"]
[EventRounds "9"]
[EventCountry "ROU"]
[SourceTitle "CBM 190 Extra"]
[Source "ChessBase"]
[SourceDate "2019.07.15"]
[SourceVersion "1"]
[SourceVersionDate "2019.07.15"]
[SourceQuality "1"]

1. e4 c6 2. d4 d5 3. Nc3 dxe4 4. Nxe4 Bf5 5. Ng3 Bg6 6. Nf3 e6 7. Be2 Nf6 8. 0-0 Nbd7 9. c4 Bd6 10. Re1 0-0 11. Bd2 c5 12. dxc5 Bxc5 13. b4 Bd6 14. c5 Bc7 15. Bc4 h6 16. h3 a6 17. a4 Qe7 18. Bc3 Rfd8 19. Qe2 a5 20. Qe3 axb4 21. Bxb4 Ba5 22. Bxa5 Rxa5 23. Bb5 Nxc5 24. Rec1 b6 25. Ne5 Nd5 26. Nc6 Qf8 27. Qa3 Rda8 28. Nxa5 Rxa5 29. Ra2 Nc7 30. Rb2 Qb8 31. Ne2 Qa7 32. Qe3 Nd5 33. Qd4 Nxa4 34. Bxa4 Rxa4 35. Rc4 Ra1+ 36. Kh2 Ra3 37. Nc3 Nxc3 38. Rxc3 Qb8+ 39. g3 Rxc3 40. Qxc3 b5 41. Rb3 Qa7 42. Qe3 Qa4 43. Ra3 Qc4 44. Qc3 Be4 45. Rb3 Qf1 46. f3 Qf2+ 1/2-1/2

[Event "ROM-ch U14 Girls"]
[Site "Calimanesti Caciulata"]
[Date "2019.04.17"]
[Round "4"]
[White "Moldovanu, Raluca"]
[Black "Moisi, Diana"]
[Result "0-1"]
[WhiteElo "1211"]
[BlackElo "1292"]
[PlyCount "150"]
[EventDate "2019.04.15"]
[EventType "swiss"]
[EventRounds "9"]
[EventCountry "ROU"]
[SourceTitle "CBM 190 Extra"]
[Source "ChessBase"]
[SourceDate "2019.07.15"]
[SourceVersion "1"]
[SourceVersionDate "2019.07.15"]
[SourceQuality "1"]

1. d4 d5 2. c4 e6 3. Nc3 Nf6 4. Bg5 Be7 5. Nf3 0-0 6. e3 h6 7. Bf4 Nbd7 8. cxd5 exd5 9. Bd3 c6 10. Qc2 Re8 11. 0-0-0 Nf8 12. h3 Bd6 13. Bxd6 Qxd6 14. g4 N8h7 15. Rdg1 Ng5 16. Ne5 Nge4 17. Nxe4 Nxe4 18. Bxe4 dxe4 19. Qxe4 f6 20. Qg6 Be6 21. Nd3 Bd5 22. Nf4 Be4 23. Qh5 Bxh1 24. Rxh1 g5 25. Qg6+ Kf8 26. Qh7 gxf4 27. Qxh6+ Ke7 28. Qg7+ Kd8 29. Re1 fxe3 30. Rxe3 Rxe3 31. fxe3 Qe7 32. Qh8+ Qe8 33. Qxf6+ Kd7 34. Qf5+ Qe6 35. Qh7+ Kd6 36. Qxb7 Qxe3+ 37. Kc2 Qe2+ 38. Kc3 Qe1+ 39. Kc2 Qf2+ 40. Kc3 Qg3+ 41. Kc2 Qg2+ 42. Kc3 Qxh3+ 43. Kc2 Qg2+ 44. Kc3 Qf3+ 45. Kc2 Qe2+ 46. Kc3 Qe1+ 47. Kc2 Re8 48. Qg7 Re2+ 49. Kb3 Re3+ 50. Ka4 Re7 51. Qh8 Qd1+ 52. b3 Qxg4 53. Qb8+ Kd5 54. Qd8+ Qd7 55. Qh8 c5+ 56. Ka3 cxd4 57. Qh5+ Re5 58. Qf3+ Kd6 59. Qf6+ Qe6 60. Qd8+ Kc6 61. Qa8+ Kb6 62. Qb8+ Ka6 63. Qh8 Ra5+ 64. Kb2 Qe2+ 65. Kb1 Qd1+ 66. Kb2 Qd2+ 67. Kb1 Qxa2+ 68. Kc1 Rc5+ 69. Kd1 Qb1+ 70. Ke2 Qe4+ 71. Kd1 Qd3+ 72. Ke1 Qe3+ 73. Kf1 Rc1+ 74. Kg2 Rc2+ 75. Kf1 Qf2# 0-1

[Event "ROM-ch U14 Girls"]
[Site "Calimanesti Caciulata"]
[Date "2019.04.15"]
[Round "1"]
[White "Moisi, Diana"]
[Black "Batagan, Ilinca Petra"]
[Result "1/2-1/2"]
[WhiteElo "1292"]
[BlackElo "1684"]
[PlyCount "137"]
[EventDate "2019.04.15"]
[EventType "swiss"]
[EventRounds "9"]
[EventCountry "ROU"]
[SourceTitle "CBM 190 Extra"]
[Source "ChessBase"]
[SourceDate "2019.07.15"]
[SourceVersion "1"]
[SourceVersionDate "2019.07.15"]
[SourceQuality "1"]

1. e4 e5 2. Nf3 Nc6 3. Bc4 Bc5 4. d3 Nf6 5. c3 0-0 6. Bb3 d6 7. h3 Be6 8. Bc2 Bb6 9. 0-0 h6 10. d4 exd4 11. cxd4 Nb4 12. d5 Nxc2 13. Qxc2 Bd7 14. Re1 Re8 15. Nc3 c6 16. dxc6 Bxc6 17. Bf4 Rc8 18. Qd3 d5 19. exd5 Rxe1+ 20. Rxe1 Nxd5 21. Nxd5 Qxd5 22. Qxd5 Bxd5 23. Re7 Rc2 24. Be3 Bxe3 25. Rxe3 Rxb2 26. a3 Rb1+ 27. Kh2 Rb3 28. Rxb3 Bxb3 29. Nd4 Ba4 30. Kg3 Kf8 31. Kf4 Ke7 32. Ke5 Bc6 33. Nf5+ Kd7 34. Nxg7 Bxg2 35. Nf5 Bxh3 36. Nxh6 Be6 37. f4 b5 38. f5 Ba2 39. f6 Be6 40. Kd4 Kd6 41. Ng8 a5 42. Kc3 Kc5 43. Ne7 b4+ 44. axb4+ axb4+ 45. Kb2 b3 46. Ng8 Kd4 47. Ne7 Ke5 48. Ng8 Kf5 49. Kc3 Kg5 50. Kb2 Kg6 51. Kc3 Kh7 52. Ne7 Kh6 53. Ng8+ Kg5 54. Kb2 Bf5 55. Kxb3 Bh7 56. Ne7 Kxf6 57. Nd5+ Ke5 58. Ne3 Ke4 59. Nf1 Kf3 60. Kc3 f5 61. Kc2 f4+ 62. Kd1 Bd3 63. Nd2+ Ke3 64. Ke1 Be2 65. Ne4 f3 66. Nf2 Bb5 67. Ng4+ Kf4 68. Nh2 f2+ 69. Kxf2 1/2-1/2

[Event "ROM-ch U12 Girls"]
[Site "Calimanesti"]
[Date "2018.04.03"]
[Round "9"]
[White "Moisi, Diana"]
[Black "Petculescu, Diana Silvana"]
[Result "1/2-1/2"]
[WhiteElo "1133"]
[BlackElo "1260"]
[PlyCount "45"]
[EventDate "2018.03.27"]
[EventType "swiss"]
[EventRounds "9"]
[EventCountry "ROU"]
[SourceTitle "CBM 183 Extra"]
[Source "ChessBase"]
[SourceDate "2018.04.19"]
[SourceVersion "1"]
[SourceVersionDate "2018.04.19"]
[SourceQuality "1"]

1. e4 c5 2. Nf3 d6 3. c3 Nc6 4. Be2 e6 5. 0-0 Be7 6. d4 cxd4 7. cxd4 Nf6 8. Nc3 Bd7 9. Re1 0-0 10. Bg5 h6 11. Bh4 Rc8 12. d5 exd5 13. exd5 Ne5 14. Rc1 Nxf3+ 15. Bxf3 Re8 16. Bg3 Bf8 17. Ne4 Nxe4 18. Rxe4 Rxe4 19. Bxe4 Rxc1 20. Qxc1 Qa5 21. a3 Qb6 22. h3 Be7 23. b4 1/2-1/2